Personnage Hajime no Ippo - Statistics

General Stats
  • This quiz has been taken 40 times
  • The average score is 19 of 47
Answer Stats
# Personnage % Correct
1 Ippo Makunouchi
96%
2 Mamoru Takamura
96%
3 Masaru Aoki
96%
36 Kumi Mashiba
92%
11 Takeshi Sendō
92%
9 Ichirō Miyata
88%
13 Ryō Mashiba
88%
10 Père de Miyata
85%
15 Alexandre Volg Zangief
77%
4 Tatsuya Kimura
77%
32 Bryan Hawk
73%
21 Date Eiji
73%
5 Genji Kamogawa
73%
8 Manabu Itagaki
58%
31 Ricardo Martinez
58%
33 David Eagle
54%
34 Ginpachi Nekota
54%
18 Jason Osma
42%
7 Coach Shinoda
38%
19 Naomichi Yamada
38%
14 Ryūichi Hayami
38%
6 Haruhiko Yagi
35%
20 Ryūhei Sawamura
35%
24 Takuma Saeki
35%
26 Kenta Kobashi
31%
23 Yūsuke Oda
31%
39 Minoru Fuji
27%
29 Jimmy Sisphar
23%
38 Masahiko Umezawa
23%
12 Coach Yanaoka
19%
30 Arnie Gregory
15%
17 Kazuki Sanada
15%
16 Kyōsuke Imai
15%
27 Iwao Shimabukuro
12%
22 Okita Keigo
12%
44 Wanpo
12%
35 Yuki
12%
43 Hachi
8%
47 Hiroko Makunōchi
8%
28 Keīchi Take
8%
40 Mari Īmura
8%
45 Chana
4%
46 Payao
4%
25 Yoshio Fujiwara
4%
37 Dankichi Hama
0%
42 Monsieur Sakaguchi
0%
41 Yamaguchi-sensei
0%
No matching quizzes found
Score Distribution
Percent of People with Each Score
Percentile by Number Answered
Your Score History
You have not taken this quiz